| 000 | 01582cam a22003734a 4500 | ||
|---|---|---|---|
| 999 |
_c41424 _d41424 |
||
| 001 | 13384867 | ||
| 003 | OSt | ||
| 005 | 20220106135743.0 | ||
| 008 | 031027s2004 enka b 001 0 eng | ||
| 010 | _a 2003063576 | ||
| 015 | _aGBA3-U3413 | ||
| 020 | _a9780121631048 | ||
| 020 | _a0121631044 | ||
| 035 | _a(OCoLC)ocm53356563 | ||
| 035 |
_a(OCoLC)53356563 _z(OCoLC)53155751 |
||
| 040 |
_aDLC _cDLC _dYDXCP _dEYE _dBAKER _dOCLCQ _dUKM _dOCLCQ _dKEC _dDLC |
||
| 042 | _apcc | ||
| 050 | 0 | 0 |
_aHV6773.C35 _bC35 2004 |
| 082 | 0 | 0 |
_a363.25968 _222 _bCAS/D |
| 100 | 1 |
_aCasey, Eoghan _98988 |
|
| 245 | 1 | 0 |
_aDigital evidence and computer crime : _bforensic science, computers and the Internet / _cby Eoghan Casey ; with contributions from Robert Dunne ... [et al.]. |
| 250 | _a2nd ed. | ||
| 260 |
_aLondon ; _aSan Diego, Calif. : _bAcademic Press, _c2004. |
||
| 300 |
_axviii, 690 p. : _bill. ; _c26 cm. |
||
| 504 | _aIncludes bibliographical references (p. [645]-663) and indexes. | ||
| 650 | 0 | _aComputer crimes. | |
| 650 | 0 | _aElectronic evidence. | |
| 650 | 0 | _aEvidence, Criminal. | |
| 856 | 4 | 1 |
_3Table of contents _uhttp://www.loc.gov/catdir/toc/els041/2003063576.html |
| 856 | 4 | 2 |
_3Publisher description _uhttp://www.loc.gov/catdir/description/els051/2003063576.html |
| 906 |
_a7 _bcbc _corignew _d1 _eocip _f20 _gy-gencatlg |
||
| 942 |
_2ddc _cBK _h363.25968 _iCAS/D _k363.25968 _mCAS/D |
||